| Tag |
First Indicator |
Second Indicator |
Subfields |
| LEADER |
00000pam a2200000 i 4500 |
| 001 |
in00000613621 |
| 005 |
20151015050812.0 |
| 008 |
770707s1978 miu 00010 eng |
| 010 |
|
|
|a 77023752
|
| 020 |
|
|
|c $4.95
|
| 035 |
|
|
|a (OCoLC)03167947
|
| 035 |
|
|
|9 ACT2311AM
|
| 040 |
|
|
|a DLC
|c DLC
|d TXA
|d UtOrBLW
|
| 049 |
|
|
|a TXAM
|c [1539750]
|
| 050 |
0 |
0 |
|a PS3521.I582
|b Z525
|
| 082 |
0 |
|
|a 811/.5/4
|
| 100 |
1 |
|
|a Kinnell, Galway,
|d 1927-2014.
|
| 245 |
1 |
0 |
|a Walking down the stairs :
|b selections from interviews /
|c Galway Kinnell.
|
| 264 |
|
1 |
|a Ann Arbor :
|b University of Michigan Press,
|c [1978]
|
| 264 |
|
4 |
|c ©1978
|
| 300 |
|
|
|a xiv, 112 pages ;
|c 21 cm.
|
| 336 |
|
|
|a text
|b txt
|2 rdacontent
|
| 337 |
|
|
|a unmediated
|b n
|2 rdamedia
|
| 338 |
|
|
|a volume
|b nc
|2 rdacarrier
|
| 490 |
1 |
|
|a Poets on poetry
|
| 600 |
1 |
0 |
|a Kinnell, Galway,
|d 1927-2014
|x Interviews.
|
| 650 |
|
0 |
|a Poetry.
|
| 830 |
|
0 |
|a Poets on poetry.
|
| 999 |
|
|
|a MARS
|
| 999 |
f |
f |
|s 5002ef8f-7d89-3cde-91fd-83aca36cd089
|i 76012ff4-f34f-35cd-ab61-8c670221ef1d
|t 0
|
| 952 |
f |
f |
|p ric
|a Texas A&M University
|b Rellis Campus
|c Joint Library Facility
|d Remote Storage
|t 0
|e PS3521.I582 Z525
|h Library of Congress classification
|i unmediated -- volume
|m A14804095177
|
| 998 |
f |
f |
|a PS3521.I582 Z525
|t 0
|l Remote Storage
|